Podnikové řízení výběr literatury 1977-1979

Salvato in:
Dettagli Bibliografici
Autore principale: Tesařová, Anežka
Natura: Libro
Lingua:ceco
Pubblicazione: Praha Státní knihovna ČSR 1980
Tags: Aggiungi Tag
Nessun Tag, puoi essere il primo ad aggiungerne!!

MARC

LEADER 00000nam a2200000 4500
001 c127163
005 20041019155239.9
041 0 |a cze 
044 |a CZ 
245 1 0 |a Podnikové řízení  |b výběr literatury 1977-1979  |c Anežka Tesařová 
264 1 |a Praha  |b Státní knihovna ČSR  |c 1980 
300 |a 104 s. 
100 1 |a Tesařová, Anežka